000 00975nas a2200325 4500
001 BR0904546
003 BR-BrBNA
005 20231205113328.0
007 ta
008 230509b bl.|||p| |||| 00| 00por d
040 _aBR-BrBNA
_bpor
_cBiblioteca Nacional de Agricultura
041 _a(Pt)
072 _aF61
100 1 _aNeves, O.S.C.
100 1 _aCarvalho, J.G. de
100 1 _aOliveira, E.V. de
100 1 _aNeves, V.B.F.
245 1 _aCrescimento, nutrição mineral e nível crítico foliar de P em mudas de umbuzeiro, em função da adubação fosfatada
650 _aUMBU
650 _aMUDA
650 _aFOLHA
650 _aADUBAÇÃO
650 _aFÓSFORO
650 _aCRESCIMENTO
650 _aNUTRIENTE MINERAL
650 _aANÁLISE QUÍMICA
773 0 _tRevista Brasileira de Fruticultura (Brazil)
_xISSN 0100 2945
_g(Sep 2008), v. 30(3) p. 801-805
_wBR0904546
909 _a202311
_bLúcia
_c55
_dLúcia Elande
942 _2AGRIS
_n0
_cANA
999 _c203172
_d203172